| Tag |
First Indicator |
Second Indicator |
Subfields |
| LEADER |
00000cam a2200000 a 4500 |
| 001 |
in00000024797 |
| 005 |
20151007054414.0 |
| 008 |
870821s1987 dcu b 00110 eng |
| 010 |
|
|
|z 870233406
|
| 020 |
|
|
|a 0932020496 (pbk.)
|
| 035 |
|
|
|a (OCoLC)16647140
|
| 035 |
|
|
|9 AAB4955AM
|
| 040 |
|
|
|a DLC
|c DLC
|d OCL
|d TXA
|d UtOrBLW
|
| 049 |
|
|
|a TXAM
|c [A10909512]
|
| 050 |
0 |
0 |
|a HG3881.5.W57
|b D4 1987
|
| 082 |
0 |
|
|a 332.1/532
|2 19
|
| 100 |
1 |
|
|a De Vries, Barend A.
|
| 245 |
1 |
0 |
|a Remaking the World Bank /
|c Barend A. de Vries ; foreword by I.G. Patel.
|
| 264 |
|
1 |
|a Washington, DC :
|b Seven Locks Press ;
|c [1987]
|
| 264 |
|
2 |
|a Lanham, Md. :
|b Distributed by National Book Network,
|
| 264 |
|
4 |
|c ©1987
|
| 300 |
|
|
|a xvi, 184 pages ;
|c 21 cm.
|
| 336 |
|
|
|a text
|b txt
|2 rdacontent
|
| 337 |
|
|
|a unmediated
|b n
|2 rdamedia
|
| 338 |
|
|
|a volume
|b nc
|2 rdacarrier
|
| 504 |
|
|
|a Bibliography: pages 162-176.
|
| 500 |
|
|
|a Includes index.
|
| 610 |
2 |
0 |
|a World Bank.
|
| 999 |
|
|
|a MARS
|
| 999 |
f |
f |
|s ad455a5f-5127-3e68-b6ed-a97a82014f6e
|i cff1193e-1fe3-3595-abc2-49cefe29ac51
|t 0
|
| 952 |
f |
f |
|p ric
|a Texas A&M University
|b Rellis Campus
|c Joint Library Facility
|d Remote Storage
|t 0
|e HG3881.5.W57 D4 1987
|h Library of Congress classification
|i unmediated -- volume
|m A14810909512
|
| 998 |
f |
f |
|a HG3881.5.W57 D4 1987
|t 0
|l Remote Storage
|